LEADER 01018nam a2200217 i 4500 001 000000252056 003 CaOOAMICUS 005 20161213000000.0 008 161213s1991 it u000 u ita u 013 $a230961 040 $aSeMil$bita 100 1 $aCova, Alberto,$d<1932- >.$0(OLS)http://semarc/name/15366 245 13$aIl Novecento /$cdi Alberto Cova. 300 $aVIII, 327 p. :$bill. 490 0 $aEconomia e società in Lombardia dall'età delle riforme alla grande crisi ;$v7 773 0 $aCova, Alberto <1932- >$tCassa di Risparmio delle Provincie Lombarde dalla fondazione al 1940.$dMilano ; Roma ; Bari : Cariplo - Laterza, 1991.$g2$w()33536 830 0$aEconomia e società in Lombardia dall'età delle riforme alla grande crisi ;$v7.$0(OLS)http://semarc/title/20068 850 $aSeMil 852 $aSeMil$W1$xVenegono$y1$m3M V 233/2$j202402$B202402$CSeMilBibl$Z2$F216895 $81 961 $aOmaggio: Grampa dott. Cesare 996 $6245$aIl Novecento$9(OLS)http://semarc/title/8940 LEADER 01487nam a2200325 i 4500 001 000000192769 003 CaOOAMICUS 005 20100929000000.0 008 100929s1994 it u000 u ita u 013 $a171403 020 $a88-7983-373-1 040 $aSeMil$bita 100 1 $aHippocrates .$0(OLS)http://semarc/name/9520 245 10$aAforismi e giuramento /$cIppocrate ; introduzione di Massimo Baldini traduzione di Marco Tullio Malato. 250 $aEd. integrale. 260 $aRoma :$bTascabili Economici Newton,$ccopyr. 1994. 300 $a90 p. :$bill. ;$c20 cm. 490 0 $aTascabili economici Newton : 100 pagine 1000 lire ;$v127 650 4$aMedicina - Etica e morale.$0(OLS)http://semarc/subject/1468 650 4$aMedici - Morale professionale.$0(OLS)http://semarc/subject/27044 650 4$aMedicina - Deontologia.$0(OLS)http://semarc/subject/32744 700 1 $aMalato, Marco Tullio.$0(OLS)http://semarc/name/70243 700 1 $aBaldini, Massimo,$d<1947-2008>.$0(OLS)http://semarc/name/89118 830 0$aCentopaginemillelire ;$v127.$0(OLS)http://semarc/title/20358 850 $aSeMil 852 $aSeMil$W1$xVenegono$y1$m3X II 123$j143344$B143344$CSeMilBibl$Z2$F155034 $81 961 $aOmaggio: Altro 996 $6020$a88-7983-373-1$9(OLS)http://semarc/number/184071 996 $6245$aAforismi e giuramento$9(OLS)http://semarc/title/277863 996 $6260$aRoma :$bTascabili Economici Newton$9(OLS)http://semarc/publisher/35030